Statistiques concernant Final Fantasy Tactics Advance JOBS

Cliquez ici pour prendre le quiz!

Statistiques générales

  • Ce quiz a été pris 40 fois
  • Le résultat moyen est 13 sur 34

Statistiques - réponses

HintRéponse% Correct
6mage blanc
90%
4voleur
90%
7mage noir
87%
26mage rouge
87%
12guerrier
83%
10archer
80%
9mage bleu
73%
2paladin
60%
5ninja
53%
1soldat
53%
28assassin
50%
11chasseur
47%
23sage
40%
16moine blanc
33%
3spadassin
33%
20alchimiste
30%
15gladiateur
30%
27invokeur
30%
19mage temps
30%
21dresseur
27%
24bretteur
23%
13lancier
23%
14sentinelle
23%
18templier
23%
32artilleur
20%
25elementaliste
20%
17eveque
20%
8illusionniste
20%
30animiste
17%
29fantassin
17%
33cabotin
10%
22morpheur
7%
34pandore
7%
31noble mog
3%

Distribution des résultats

Percentile par nombre de réponses

% des personnes avec chaque résultat

Votre développement - résultats

Vous n’avez pas pris ce quiz